LEADER 01191nam a2200289 i 4500 001 991002308419707536 005 20020503163914.0 008 001103s1966 it ||| | ita 035 $ab10346041-39ule_inst 035 $aEXGIL101741$9ExL 040 $aBiblioteca Interfacoltà$bita 082 0 $a261.6 100 1 $aMeneghelli, Ruggero$0181474 245 10$aCristianesimo e storia :$briflessioni sul pensiero di S. Paolo, intorno ad alcuni fondamentali aspetti della vita sociale /$cRuggero Meneghelli 260 $aPadova :$bCEDAM,$c1966 300 $a179 p. ;$c25 cm. 490 0 $aPubblicazioni della Facoltà di giurisprudenza dell'Università di Padova ;$v46 650 4$aCristianesimo e vita sociale 650 4$aPaolo $xConcezione del matrimonio 650 4$aPaolo $xConcezione dell'uomo 650 4$aPaolo $xConcezione dello stato 907 $a.b10346041$b21-02-17$c27-06-02 912 $a991002308419707536 945 $aLE002 Fil. XII C 13$g1$i2002000538376$lle002$o-$pE0.00$q-$rl$s- $t0$u2$v1$w2$x0$y.i10406141$z27-06-02 996 $aCristianesimo e storia$9205042 997 $aUNISALENTO 998 $ale002$b01-01-00$cm$da $e-$fita$git $h0$i1 LEADER 02090oam 2200589 450 001 9910717195603321 005 20220624183015.0 035 $a(CKB)5470000002528256 035 $a(OCoLC)1291896053 035 $a(EXLCZ)995470000002528256 100 $a20220113d1974 ua 0 101 0 $aeng 135 $aur||||||||||| 181 $ctxt$2rdacontent 182 $cc$2rdamedia 183 $acr$2rdacarrier 200 10$aLimnological study of Lake Shastina, Siskiyou County, California /$fby Alex E. Dong, Kenneth W. Beatty, and Robert C. Averett 210 1$aMenlo Park, Calif. :$cU.S. Geological Survey,$d1974. 215 $a1 online resource (vi, 52 pages) $cillustrations, maps 225 1 $aWater-resources investigations ;$v74-19 300 $a"November 1974." 320 $aIncludes bibliographical references (pages 50-52). 606 $aWater quality$zCalifornia$zSiskiyou County$xMeasurement 606 $aEutrophication$zCalifornia$zSiskiyou County 606 $aWater$xNitrogen content$zCalifornia$zSiskiyou County 606 $aWater$xPhosphorus content$zCalifornia$zSiskiyou County 606 $aEutrophication$2fast 606 $aWater$xNitrogen content$2fast 606 $aWater$xPhosphorus content$2fast 606 $aWater quality$xMeasurement$2fast 607 $aCalifornia$zSiskiyou County$2fast 615 0$aWater quality$xMeasurement. 615 0$aEutrophication 615 0$aWater$xNitrogen content 615 0$aWater$xPhosphorus content 615 7$aEutrophication. 615 7$aWater$xNitrogen content. 615 7$aWater$xPhosphorus content. 615 7$aWater quality$xMeasurement. 700 $aDong$b Alex E.$01406982 702 $aBeatty$b Kenneth W$g(Kenneth Wilson), 702 $aAverett$b Robert C. 712 02$aGeological Survey (U.S.), 801 0$bGPO 801 1$bGPO 801 2$bOCLCO 801 2$bOCLCF 801 2$bGPO 906 $aBOOK 912 $a9910717195603321 996 $aLimnological study of Lake Shastina, Siskiyou County, California$93487199 997 $aUNINA